<?xml version="1.0" encoding="UTF-8"?><?xml-stylesheet type="text/xsl" href="static/style.xsl"?><OAI-PMH xmlns="http://www.openarchives.org/OAI/2.0/" xmlns:xsi="http://www.w3.org/2001/XMLSchema-instance" xsi:schemaLocation="http://www.openarchives.org/OAI/2.0/ http://www.openarchives.org/OAI/2.0/OAI-PMH.xsd"><responseDate>2026-04-29T07:35:38Z</responseDate><request verb="GetRecord" identifier="oai:repisalud.isciii.es:20.500.12105/10132" metadataPrefix="marc">https://repisalud.isciii.es/rest/oai/request</request><GetRecord><record><header><identifier>oai:repisalud.isciii.es:20.500.12105/10132</identifier><datestamp>2024-05-21T11:02:17Z</datestamp><setSpec>com_20.500.12105_2203</setSpec><setSpec>com_20.500.12105_2202</setSpec><setSpec>col_20.500.12105_19505</setSpec><setSpec>col_20.500.12105_19585</setSpec></header><metadata><record xmlns="http://www.loc.gov/MARC21/slim" xmlns:dcterms="http://purl.org/dc/terms/" xmlns:doc="http://www.lyncode.com/xoai" xmlns:xsi="http://www.w3.org/2001/XMLSchema-instance" xsi:schemaLocation="http://www.loc.gov/MARC21/slim http://www.loc.gov/standards/marcxml/schema/MARC21slim.xsd">
   <leader>00925njm 22002777a 4500</leader>
   <datafield ind2=" " ind1=" " tag="042">
      <subfield code="a">dc</subfield>
   </datafield>
   <datafield ind2=" " ind1=" " tag="720">
      <subfield code="a">Instituto de Salud Carlos III. Centro Nacional de Epidemiología</subfield>
      <subfield code="e">author</subfield>
   </datafield>
   <datafield ind2=" " ind1=" " tag="260">
      <subfield code="c">2008-02-09</subfield>
   </datafield>
   <datafield ind2=" " ind1=" " tag="520">
      <subfield code="a">Resultados de Laboratorio: En la semana 06/2008 continúa el descenso en el número de aislamiento notificados por los laboratorios del SVGE, así como la tasa de aislamiento viral (31%). Desde la semana 03/2008 persiste un patrón de circulación viral marcado por el predomino de virus de la gripe B, que en la presente semana de vigilancia representa un 79% del total de aislamientos notificados. El porcentaje de virus de la gripe B es del 86% y 68% entre los aislamientos centinela y no centinela, respectivamente. De las 112 muestras centinela remitidas para confirmación virológica se han señalado 36 aislamientos que se distribuyen en nueve redes: Andalucía (1 AH1N1, 8 B), Aragón (6 B), Baleares (1 A, 2B), Cantabria (1 B), Castilla y León (1 B), Cataluña (2 A, 2 B), Comunidad Valenciana (1 A), Navarra (2 B) y País Vasco (9 B). Además se han notificado 25 aislamientos, en muestras no centinela, remitidas por el Laboratorio del Hospital Son Dureta de Palma de Mallorca (Baleares) (5 AH1N1, 7 B), Laboratorio del Hospital Clínico de Valladolid (1B), Laboratorios de Microbioloxía CH de Vigo y Ourense (Galicia)  (1 A), Laboratorio de Microbiología. Hospital Donostia (País Vasco) (1 AH1N1, 1 AH3N2, 9 B). Desde el inicio de la temporada 2007/2008 se han notificado 1083 aislamientos de virus de la gripe procedentes de fuentes centinela (64%) y no centinela (36%). Del total de aislamientos, 702 (65%) son virus de la gripe A (69% de AH1, 27% de AH1N1, 1,9% de AH3 y 1,9% de AH3N2, entre los subtipados), 380 (35%) virus de la gripe B y 1 (&lt;0,1%) de virus de la gripe C.</subfield>
   </datafield>
   <datafield ind1="8" ind2=" " tag="024">
      <subfield code="a">http://hdl.handle.net/20.500.12105/10132</subfield>
   </datafield>
   <datafield tag="653" ind2=" " ind1=" ">
      <subfield code="a">Gripe</subfield>
   </datafield>
   <datafield tag="653" ind2=" " ind1=" ">
      <subfield code="a">Vigilancia epidemiológica</subfield>
   </datafield>
   <datafield ind2="0" ind1="0" tag="245">
      <subfield code="a">Vigilancia de la gripe en España Semana 06/2008 (3 al 9 de febrero de 2008)</subfield>
   </datafield>
</record></metadata></record></GetRecord></OAI-PMH>